A nonparametric approach to perceptions-based market segmentation : foundations /

Bibliographic Details
Main Author: Mazanec, Josef A.
Other Authors: Strasser, Helmut
Format: Book
Language:English
Published: Wien ; New York : Springer, [2000]
Series:Interdisciplinary studies in economics and management ; v. 1.
Subjects:

MARC

Tag First Indicator Second Indicator Subfields
LEADER 00000pam a22000004a 4500
001 in00001593913
005 20151023050254.0
008 000419s2000 au a b 001 0 eng
010 |a  00032194  
020 |a 3211834737 
029 1 |a OHX  |b har005128655 
035 |a (OCoLC)ocm43945330 
040 |a DLC  |c DLC  |d OHX  |d UtOrBLW 
042 |a pcc 
049 |a TXAS 
050 0 0 |a HF5415.127  |b .M39 2000 
072 7 |a HB  |2 lcco 
082 0 0 |a 658.8/02  |2 21 
100 1 |a Mazanec, Josef A. 
245 1 2 |a A nonparametric approach to perceptions-based market segmentation :  |b foundations /  |c Josef A. Mazanec, Helmut Strasser. 
264 1 |a Wien ;  |a New York :  |b Springer,  |c [2000] 
264 4 |c ©2000 
300 |a 195 pages :  |b illustrations ;  |c 25 cm. 
336 |a text  |b txt  |2 rdacontent 
337 |a unmediated  |b n  |2 rdamedia 
338 |a volume  |b nc  |2 rdacarrier 
490 1 |a Interdisciplinary studies in economics and management ;  |v v. 1 
504 |a Includes bibliographical references (pages [187]-188) and index. 
650 0 |a Market segmentation  |x Mathematical models. 
700 1 |a Strasser, Helmut. 
830 0 |a Interdisciplinary studies in economics and management ;  |v v. 1. 
938 |a Otto Harrassowitz  |b HARR  |n har005128655  |c 85.00 DEM 
945 |i PromptCat 
948 |a cataloged  |b h  |c 2001/3/29  |d c  |e mphillip  |f 7:13:50 pm 
994 |a 92  |b TXA 
999 |a MARS 
999 f f |s 3686ade1-a8d9-3d81-841e-3a49746fb3e9  |i 8d648888-5f97-3549-9665-5a0ad9c7fbae  |t 0 
952 f f |p ric  |a Texas A&M University  |b Rellis Campus  |c Joint Library Facility  |d Remote Storage  |t 0  |e HF5415.127 .M39 2000  |h Library of Congress classification  |i unmediated -- volume  |m A14827491465 
998 f f |a HF5415.127 .M39 2000  |t 0  |l Remote Storage